000 00848nam a2200241 i 4500
001 188539
003 ES-MaACL
005 20250821063117.0
008 181214s1965 sp |||| | spa d
100 1 _aAntonioni, Michelangelo,
_d1912-2007
_921990
245 1 3 _aEl desierto rojo /
_cMichelangelo Antonioni ; con textos de Arnaldo Olivar y Ricardo Muñoz Suay ; [traducción, José Luis Font].
260 _aBarcelona :
_bAymá,
_c1965.
300 _a121 p., 16 lám. ;
_c19 cm.
490 1 _aVoz imagen.
_aCine ;
_v14
655 7 _2tgfbne
_aGuiones cinematográficos
_9234355
700 1 _aOlivar, Arnau.
_986754
700 1 _aMuñoz Suay, Ricardo.
_984504
700 1 _aFont, José Luis.
_9165770
830 1 _aVoz imagen.
_aCine ;
_v14
_9193071
852 _aES-MaACL
_jP-155-bis-11
942 _2udc
999 _c188539
_d188539